000 00410cam a2200169ua 4500
020 _c2.50
041 _amal
_h
082 _a954.82
_bKUN/KE
100 _aKunjan Pillai, P.N .
245 _aKeralam anhum arum noottandukalil
260 _aKottayam :
_bSahitya Pravarthaka Co-operative Society ,
_c1961.
300 _a204 ; .
365 _a2.50
504 _a
942 _cBK
999 _c4362
_d4362